[Event "HCL-C4093"]
[Site "www.playchess.de"]
[Date "2006.03.30"]
[Round "10"]
[White "hun"]
[Black "cenda"]
[WhiteElo "1253"]
[BlackElo "800"]
[PlyCount "47"]
[Result "1-0"]

1.d4 {hi, cenda!   :)}  d5 2.Nc3 Nf6 3.h3 a6 4.Bf4 
h6 5.Be5 e6 6.Bxf6 gxf6 7.Qd3 e5 8.e3 Nc6 9.f3 Qd6 
10.a3 Ne7 11.e4 h5 12.g4 exd4 13.Qxd4 Bh6 14.Nge2 
c6 15.Rg1 Be6 16.Bg2 Rg8 17.gxh5 c5 18.Qa4+ Nc6 
19.exd5 Qd7 20.dxc6 bxc6 21.Ne4 Bg5 22.Nxc5 Qd5 
23.Ne4 f5 24.Rd1 1-0

[Event "HCL-A2602"]
[Site "www.playchess.de"]
[Date "2006.03.30"]
[Round "10"]
[White "guitran"]
[Black "PhilipKaveny"]
[WhiteElo "1396"]
[BlackElo "1318"]
[PlyCount "92"]
[Result "0-1"]

1.e4 b6 2.d4 e6 3.Bd3 Bb7 4.Be3 Nf6 5.f3 Be7 6.Nd2 
O-O 7.Qe2 c5 8.c4 cxd4 9.Bxd4 Nc6 10.Bc3 Nh5 
11.Nh3 Bh4+ 12.g3 Bf6 13.Rc1 Bxc3 14.Rxc3 Nb4 
15.Bb1 d5 16.cxd5 exd5 17.O-O dxe4 18.fxe4 Nf6 
19.a3 Ba6 20.Nc4 Qd4+ 21.Qe3 Qxe3+ 22.Rxe3 Bxc4 
23.Rc1 Be6 24.Nf4 Na6 25.b4 Nb8 26.Nd3 Ng4 27.Ree1 
Nd7 28.Nf2 Nxf2 29.Kxf2 Nf6 30.e5 Ng4+ 31.Kg2 Rac8 
32.Rcd1 Rfd8 33.Rd6 Rxd6 34.exd6 Nf6 35.Re2 Bd5+ 
36.Kh3 Be6+ 37.Kg2 Bd5+ 38.Kh3 Be6+ 39.Kg2 Kf8 
40.Bd3 Rd8 41.Rc2 Rxd6 42.Bf1 Bd5+ 43.Kh3 g5 44.g4 
Kg7 45.Rd2 h5 46.gxh5 Be6+ 0-1

[Event "HCL-A2606"]
[Site "www.playchess.de"]
[Date "2006.03.30"]
[Round "3"]
[White "Kannsnich"]
[Black "RUDI"]
[WhiteElo "1344"]
[BlackElo "1234"]
[PlyCount "54"]
[Result "0-1"]

1.c4 {dich trifft man immer wieder}  Nf6 
{vielleicht kenne ich Dich ja sogar vom Sehen und 
weiß es gar nicht...}  2.Nc3 e6 3.e4 {möglich}  
Nc6 {sogar wahrscheinlich}  4.Nf3 {wieso 
wahrscheinlich woher ?}  Be7 {München ist so groß 
nun nicht.}  5.g3 O-O 6.Bg2 e5 7.O-O d6 8.d4 exd4 
9.Nxd4 Nxd4 {was war denn mit Tensai 
los?
alle Spiele aufgegeben}  10.Qxd4 {hat irgendwas 
gesagt von daß er ins krankenhaus muß}  b6 
{schade}  11.Re1 Bb7 12.Be3 c5 13.Qd3 a6 14.Rad1 
Nd7 15.Nd5 Bxd5 16.Qxd5 Rb8 17.f4 Nf6 18.Qd3 Ng4 
19.h3 Nxe3 20.Qxe3 Qc7 21.Rd5 f6 22.f5 b5 23.Bf1 
b4 24.b3 a5 25.Bg2 Rba8 26.Ra1 a4 27.Rdd1 
Rfe8 0-1

[Event "HCL-A2660"]
[Site "www.playchess.de"]
[Date "2006.03.30"]
[Round "6"]
[White "grannialex"]
[Black "Belzlover"]
[WhiteElo "1826"]
[BlackElo "2100"]
[PlyCount "79"]
[Result "0-1"]

1.d4 d5 2.c4 Nc6 3.cxd5 Qxd5 4.e3 e5 5.Nc3 Bb4 
6.Bd2 Bxc3 7.Bxc3 exd4 8.Ne2 Nf6 9.Nxd4 O-O 10.Nb5 
Qg5 11.Nxc7 Bg4 12.Qb3 Rad8 13.Qxb7 Rd6 14.Nb5 Re6 
15.Nd4 Rxe3+ 16.fxe3 Qxe3+ 17.Ne2 Ne4 18.Qxc6 Rd8 
19.Qxe4 Qxe4 20.h3 Bxe2 {h3 ist eine interessante 
Idee}  21.Bxe2 Re8 22.O-O {Es ist überhaupt eine 
interessante Partie. Bekannt war mir 13. ...Dc5. 
Den Einschlag auf e3 habe ich erst nach Te6 
gesehen. Seitdem hoffe ich den Angriff zu 
überleben, indem ich Material reduziere. Endlich 
komme ich zur 0-0 (mit weiteren Turmtausch).}  
Qxe2 {Dank Dir verstehe ich jetzt erst die 
Variante.Die Idee Td6-e6-Xe3 war mal eine 
Empfehlung von M.Breutigam.Ist also nicht auf 
meinem Mist gewachsen.Die Partie beginnt 
eigentlich mit h3!?.}  23.Rae1 {Das habe ich mir 
fast gedacht, dass Dir die Stellung bis zum 19.Zug 
bekannt ist. Mit h3 hatte ich dieses Abspiel 
gesehen und hoffe nun eine Mauer errichten zu 
können. Die Dame allein kann auch nicht gewinnen}  
Qb5 {Das vermute ich auch.Nach h3 hatte ich mir 
Le2:...Dg2: ;und Lh5-g4 ! angesehen, aber ich habe 
letztlich keine materielle Kompensation 
gesehen.Vielleicht lag es aber auch am Hefeweizen 
;-).}  24.Rxe8+ {21. ...Dg2: wäre remis durch 
Zugwiederholung gewesen. 22.Tf1 Te8 23.Tf2 Dh1+ 
24.Tf1 Dg2 25.Tf2 Dh1+ und 20. ...Lh5 hätte die 
Stellung in der Partie ergeben nur mit 0-0-0. 20. 
...Lh5 21.Tg1 Le2: (erzwungen wegen g4) 22.Le2: 
Te8 23.0-0-0 De2: 24.Tge1 Db5}  Qxe8 {Ich dachte 
mehr an 21.-Dg2:,22.Tf1-Te8,23.Tf2:-Dh3:( 24.0-0-0 
- De3+)mit Bauernsturm, aber die L+T-Batterie ist 
zu gefährlich,und 20.-Lh5; 21.Tg1-f5 !?erscheint 
mir unklar.}  25.Re1 {Da hast du recht. Ich hätte 
ich das L-paar und das kann gefährlich werden. Es 
ist schwierig zu beurteilen. Die gespielte 
Variante ist die einzig klar berechenbare. Gibt es 
im 14.Zug eigentlich Alternativen für W (14.h3!?). 
Was sagt M.Breutigam?}  Qd7 {Bisher geschah 
anstatt 20.h3,20. Td1? und 20.a4 mit raschem 
O:1(ich verfüge allerdings über keine Datenbank); 
14.h3 ist tatsächlich eine Alternative, doch 
ebenfalls nicht in Gewinnsinne von Weiß (14-Dh4 
bzw-14.-Tb8!?).}  26.a3 h5 27.Re4 g5 28.Rd4 Qe6 
29.h4 g4 30.Rd8+ Kh7 31.Rh8+ Kg6 32.Rg8+ Kf5 
33.Rg5+ Kf4 34.Be5+ Qxe5 35.Rxe5 Kxe5 36.Kf2 f5 
37.Ke3 f4+ 38.Kd3 Kf5 39.b4 Ke5 40.a4 
{glückwunsch, geht sich leider keine rettung mehr 
aus}  0-1

[Event "HCL-E1537"]
[Site "www.playchess.de"]
[Date "2006.03.30"]
[Round "7"]
[White "kanturali"]
[Black "Karpow"]
[WhiteElo "1978"]
[BlackElo "1638"]
[PlyCount "97"]
[Result "1/2-1/2"]

1.e4 e5 2.Nf3 Nc6 3.Bb5 a6 4.Bxc6 dxc6 5.O-O Bd6 
6.d4 Bg4 7.dxe5 Bxf3 8.Qxf3 Bxe5 9.Nd2 Qf6 10.Qxf6 
Bxf6 11.e5 Be7 12.Ne4 O-O-O 13.Be3 f6 14.f4 f5 
15.Ng3 g6 16.Rad1 Rd5 17.c4 Rxd1 18.Rxd1 Nh6 19.h3 
Nf7 20.Ne2 Rd8 21.Rd4 c5 22.Rd5 b6 23.Kf2 c6 
24.Rxd8+ Nxd8 25.g4 fxg4 26.hxg4 Nf7 27.e6 Nd6 
28.b3 Kd8 29.Kf3 Ke8 30.Ng3 Kd8 31.Ne4 Kc7 32.Nxd6 
Kxd6 33.f5 gxf5 34.gxf5 Ke5 35.Kg4 h5+ 36.Kxh5 
Kxf5 37.Bd2 Kxe6 38.Kg6 b5 39.Bc3 Bd6 40.Kg5 Be5 
41.Be1 Bb2 42.Kf4 Ba3 43.Ke4 Kd7 44.Bg3 Bb2 45.Bf2 
Ba3 46.Bg3 Bb4 47.Bf4 Bc3 48.Be3 Bb4 49.Bf4 
{(offering draw)}  1/2-1/2

[Event "ACL-T170"]
[Site "www.playchess.de"]
[Date "2006.03.30"]
[Round "22"]
[White "lostpawn2000"]
[Black "Goofy"]
[WhiteElo "1249"]
[BlackElo "1896"]
[PlyCount "36"]
[Result "0-1"]

1.d4 d5 2.c4 e6 3.Nf3 Nf6 4.cxd5 exd5 5.Bg5 Be7 
6.Nc3 c6 7.e3 Nbd7 8.Bd3 h6 9.Bh4 O-O 10.Qc2 Re8 
11.O-O Ne4 12.Bxe7 Qxe7 13.Nd2 f5 14.Rac1 Ndf6 
15.Ne2 Ng4 16.f3 Nxe3 17.Qb3 Nxd2 18.Qc3 
Ndxf1 0-1

[Event "ACL-T170"]
[Site "www.playchess.de"]
[Date "2006.03.30"]
[Round "1"]
[White "lostpawn2000"]
[Black "Kimura"]
[WhiteElo "1249"]
[BlackElo "1856"]
[PlyCount "78"]
[Result "0-1"]

1.d4 d5 2.c4 e6 3.Nf3 Nf6 4.cxd5 exd5 5.Bg5 Be7 
6.Nc3 O-O 7.Qc2 h6 8.Bh4 Nbd7 9.e3 c6 10.Bd3 Re8 
11.O-O Ne4 12.Bxe7 Qxe7 13.Nd2 Ndf6 14.Ndxe4 dxe4 
15.Be2 Bg4 16.Rac1 Bxe2 17.Qxe2 Rad8 18.Rce1 Nd5 
19.a3 Nxc3 20.bxc3 Qxa3 21.Qc2 Qe7 22.f3 Rd7 
23.fxe4 Qxe4 24.Qb3 b5 25.Rf4 Qd5 26.Qc2 Qc4 27.d5 
Qxd5 28.Rd4 Qe6 29.Rxd7 Qxd7 30.Rd1 Qe6 31.Kh1 
Qxe3 32.h3 Qe2 33.Qxe2 Rxe2 34.Rd7 Rc2 35.Rxa7 
Rxc3 36.Kg1 b4 37.Ra2 b3 38.Rb2 c5 39.Kf2 
Rc2+ 0-1

[Event "HCL-E1569"]
[Site "www.playchess.de"]
[Date "2006.03.30"]
[Round "2"]
[White "Tarrega"]
[Black "Glomp"]
[WhiteElo "1594"]
[BlackElo "1550"]
[PlyCount "61"]
[Result "1-0"]

1.e4 {hello again mr. glomp}  e5 {hello again mr. 
tarrega}  2.d4 Nc6 3.Nf3 exd4 4.c3 dxc3 5.Bc4 cxb2 
6.Bxb2 d6 7.Nc3 Be7 8.Qb3 Nh6 9.Nd5 f6 10.Nf4 Na5 
11.Qa4+ c6 12.Be6 b5 13.Qc2 Qc7 14.O-O g5 15.Bxc8 
gxf4 16.Be6 Nf7 17.Nd4 Rb8 18.Qe2 Ng5 19.Qh5+ Kd8 
20.Bf5 Qb6 21.h4 c5 22.Nc2 Nc4 23.Bc1 Nxe4 24.Bxe4 
Ne5 25.Bxf4 Kc7 26.Ne3 Qa5 27.Nd5+ Kd8 28.Bxe5 
fxe5 29.Qf7 Re8 30.Bxh7 Bxh4 31.Bg6 1-0

[Event "ACL-T170"]
[Site "www.playchess.de"]
[Date "2006.03.30"]
[Round "13"]
[White "puddschini"]
[Black "taroak"]
[WhiteElo "1974"]
[BlackElo "1307"]
[PlyCount "45"]
[Result "1-0"]

1.d4 d5 2.c4 e6 3.Nf3 Nf6 4.Bg5 Be7 5.e3 O-O 6.Nc3 
b6 7.cxd5 Nxd5 8.Bxe7 Qxe7 9.Nxd5 exd5 10.Rc1 Ba6 
11.Bxa6 Nxa6 12.O-O Rfd8 13.Ne5 Rd6 14.Qa4 b5 
15.Qxb5 Rb8 16.Qe2 Rbb6 17.a4 Rb3 18.Nc6 Qg5 
19.Qxa6 h5 20.Qc8+ Kh7 21.Ne5 Rf6 22.Rxc7 Rxb2 
23.Nxf7 1-0

[Event "HCL-A2659"]
[Site "www.playchess.de"]
[Date "2006.03.30"]
[Round "5"]
[White "MimiSiku"]
[Black "SMLooking"]
[WhiteElo "1425"]
[BlackElo "1435"]
[PlyCount "53"]
[Result "1-0"]

1.e4 e5 2.Nf3 Nc6 3.d4 exd4 4.Nxd4 Nxd4 5.Qxd4 c5 
6.Qa4 a6 7.Bc4 Rb8 8.Qb3 Qe7 9.f3 b5 10.O-O Qe5 
11.Bxf7+ Kd8 12.Bxg8 c4 13.Bxc4 Qd4+ 14.Be3 Qxc4 
15.Nd2 Qxb3 16.Nxb3 Bd6 17.Rfd1 Be7 18.Na5 Kc7 
19.Bd4 Rg8 20.Rd3 Bb4 21.Nb3 g6 22.Rad1 Rd8 
23.Be5+ d6 24.a3 dxe5 25.R3xd8 Be7 26.Rh8 h5 
27.Rh7 1-0

[Event "HCL-B3819"]
[Site "www.playchess.de"]
[Date "2006.03.30"]
[Round "6"]
[White "learche"]
[Black "taroak"]
[WhiteElo "1423"]
[BlackElo "1506"]
[PlyCount "76"]
[Result "0-1"]

1.e4 c5 2.Bc4 e6 3.Nc3 a6 4.a4 b6 5.d3 Nc6 6.Nf3 
d6 7.O-O Nf6 8.Bg5 Be7 9.Nd2 O-O 10.f4 Nd4 11.Nf3 
Bb7 12.Nxd4 cxd4 13.Ne2 d5 14.exd5 Nxd5 15.Bxd5 
Bxd5 16.Bxe7 Qxe7 17.Nxd4 Rac8 18.c4 Bb7 19.Nc2 
Rfd8 20.b3 Rd7 21.Re1 Rcd8 22.d4 f5 23.d5 Qc5+ 
24.Kf1 exd5 25.Qh5 g6 26.Qg5 dxc4 27.b4 Qc6 28.Ne3 
Kf7 29.Rac1 h6 30.Nxc4 Qxc4+ 31.Rxc4 hxg5 32.fxg5 
Be4 33.Rcc1 Rh8 34.h3 Rd2 35.Rc7+ Ke6 36.Rg7 Ke5 
37.Rxg6 Kf4 38.Re2 Bd3 0-1

[Event "HCL-C4219"]
[Site "www.playchess.de"]
[Date "2006.03.30"]
[Round "14"]
[White "Larry"]
[Black "lontjr"]
[WhiteElo "947"]
[BlackElo "1004"]
[PlyCount "28"]
[Result "0-1"]

1.e4 d6 2.d4 g6 3.Bc4 Bg7 4.Nf3 Nf6 5.Qe2 O-O 
6.O-O Bg4 7.Nc3 Nc6 8.d5 Bxf3 9.gxf3 Nd4 10.Qd3 c5 
11.Be3 Nh5 12.b3 Nxf3+ 13.Kh1 e6 14.Nd1 
Qh4 0-1

[Event "HCL-A2639"]
[Site "www.playchess.de"]
[Date "2006.03.31"]
[Round "8"]
[White "sonnygarcia"]
[Black "archship"]
[WhiteElo "1078"]
[BlackElo "1301"]
[PlyCount "43"]
[Result "1-0"]

1.e4 e6 2.Nf3 d5 3.e5 c5 4.b4 c4 5.a3 Nc6 6.Bb2 b5 
7.Be2 Be7 8.d3 a5 9.Nc3 axb4 10.axb4 Rxa1 11.Qxa1 
Bb7 12.Nxb5 Bxb4+ 13.c3 Ba5 14.Nd6+ Ke7 15.Nxb7 
Qc7 16.Nxa5 Nxa5 17.dxc4 Nxc4 18.O-O Nxb2 19.Qxb2 
Nh6 20.Qb4+ Kd8 21.Ra1 Kd7 22.Bb5+ 1-0

[Event "HCL-E1546"]
[Site "www.playchess.de"]
[Date "2006.03.31"]
[Round "16"]
[White "Coolhandluke"]
[Black "Glomp"]
[WhiteElo "1491"]
[BlackElo "1552"]
[PlyCount "38"]
[Result "0-1"]

1.d4 {Looking forward to an interesting game. Good 
luck!}  d5 {Hello and good luck!}  2.c4 dxc4 3.e4 
Nc6 4.Be3 Nf6 5.Nc3 e5 6.d5 Ne7 7.Bxc4 Ng6 8.Nge2 
Be7 9.d6 Bxd6 10.O-O O-O 11.Bg5 c6 12.Ng3 Be7 
13.Qb3 b5 14.Bxf7+ Rxf7 15.Rad1 Qc7 16.h4 a5 
17.Nf5 Bf8 18.Ne2 a4 19.Qe3 Nxe4 0-1

[Event "ACL-E209"]
[Site "www.playchess.de"]
[Date "2006.03.31"]
[Round "1"]
[White "Mercator"]
[Black "WKU_Topper"]
[WhiteElo "1857"]
[BlackElo "1819"]
[PlyCount "105"]
[Result "1-0"]

1.d4 {Nice game to you!}  d5 {Hello and good 
luck!}  2.c4 c6 3.Nc3 e6 4.Nf3 Nf6 5.Bg5 Nbd7 
6.Qb3 dxc4 7.Qxc4 Qa5 8.Bd2 Qf5 9.e3 Be7 10.Qd3 
O-O 11.e4 Qh5 {Happy New Year!}  12.Be2 {Happy new 
Year for you also !}  e5 13.O-O Rd8 14.Rad1 Nc5 
15.Qc2 exd4 16.Nxd4 Ng4 17.Bf4 Rxd4 18.Rxd4 Ne6 
19.Qd2 Nxd4 20.Qxd4 Qg6 21.f3 Nf6 22.Qe5 Bd8 
23.Kh1 Be6 24.Qd6 Bb6 25.Qe7 Nd7 26.Na4 f5 27.Nxb6 
axb6 28.Rd1 Re8 29.exf5 Bxf5 30.Bc4+ Be6 31.Qxd7 
Bxc4 32.Qxb7 c5 33.b3 Bf7 34.h3 h6 35.Rd2 Qf6 
36.Qc7 Re7 37.Qd8+ Kh7 38.Bg3 Ra7 39.Qxf6 gxf6 
40.Bb8 Ra8 41.Bd6 Kg6 42.g4 h5 43.Kg2 Rd8 44.Kg3 
b5 45.h4 Bg8 46.Kf4 Be6 47.Kg3 Bg8 48.Bf4 Rxd2 
49.Bxd2 f5 50.g5 b4 51.Kf4 c4 52.Bxb4 cxb3 
53.axb3 1-0

[Event "HCL-A2590"]
[Site "www.playchess.de"]
[Date "2006.03.31"]
[Round "1"]
[White "learche"]
[Black "PhilipKaveny"]
[WhiteElo "1453"]
[BlackElo "1396"]
[PlyCount "107"]
[Result "1-0"]

1.e4 c5 2.Nf3 d6 3.Bc4 e6 4.Nc3 a6 5.a4 g6 6.d3 
Bg7 7.Bd2 Nc6 8.Qc1 h6 9.Ba2 Nge7 10.Rb1 Nb4 
11.O-O Bd7 12.Bb3 Rb8 13.Ne2 b5 14.axb5 axb5 
15.Bxb4 cxb4 16.Qf4 d5 17.Ne5 O-O 18.Nxd7 Qxd7 
19.e5 Nf5 20.d4 Qe7 21.Qd2 f6 22.f4 fxe5 23.fxe5 
g5 24.c3 bxc3 25.bxc3 Bh8 26.Nc1 Nh4 27.Nd3 Rxf1+ 
28.Rxf1 Rf8 29.Rxf8+ Qxf8 30.Qf2 Qxf2+ 31.Kxf2 Nf5 
32.g4 Ne7 33.Ke2 Nc6 34.Kd2 Na5 35.Kc2 Nc4 36.h3 
Kf7 37.Ba2 Bg7 38.Kb3 Bf8 39.Nc5 Bxc5 40.dxc5 Nxe5 
41.Kb4 Ke7 42.Kxb5 Kd8 43.Bb1 Kc7 44.Bh7 Nf3 
45.Bg8 Ng1 46.Bxe6 Nxh3 47.Bxd5 Nf4 48.Bf3 Nh3 
49.c6 Nf4 50.Kc4 Ng6 51.Kd5 Nf4+ 52.Ke5 Nd3+ 
53.Kf5 Ne1 54.Be4 1-0

[Event "ACL-M083"]
[Site "www.playchess.de"]
[Date "2006.03.31"]
[Round "11"]
[White "COSMAC"]
[Black "Relic"]
[WhiteElo "1998"]
[BlackElo "2158"]
[PlyCount "74"]
[Result "0-1"]

1.e4 {GL! NTMY! COSMAC}  e5 {GL!}  2.Nf3 Nc6 3.Bc4 
Bc5 4.d4 exd4 5.O-O d6 6.c3 Bg4 7.Qb3 Bxf3 8.Bxf7+ 
Kf8 9.gxf3 Nf6 10.Bd5 Nxd5 11.exd5 Ne5 12.cxd4 
Bxd4 13.f4 Ng4 14.h3 Nxf2 15.Be3 Nxh3+ 16.Kg2 Qh4 
17.Bxd4 Nxf4+ 18.Rxf4+ Qxf4 19.Qd3 Qg4+ 20.Kh2 
Qh4+ 21.Kg2 Ke7 22.Nc3 Raf8 23.Ne4 Rf4 24.Ng3 Rhf8 
25.Qe2+ Kd8 26.Rh1 Qg5 27.Rh5 Qg6 28.Be3 Rg4 
29.Rh3 h5 30.Kh2 h4 31.Nf1 Qf5 32.Nd2 Qe5+ 33.Kh1 
Qxd5+ 34.Kh2 Qe5+ 35.Kh1 Rg3 36.Rxg3 Qxg3 37.Bg1 
Qh3+ 0-1

[Event "HCL-B3874"]
[Site "www.playchess.de"]
[Date "2006.03.31"]
[Round "4"]
[White "Ebaw"]
[Black "Regicide"]
[WhiteElo "1351"]
[BlackElo "937"]
[PlyCount "28"]
[Result "0-1"]

1.e4 d5 2.exd5 Qxd5 3.Nc3 Qe5+ 4.Qe2 Qf5 5.Qe4 Na6 
6.Qxf5 Bxf5 7.Bxa6 bxa6 8.d3 e6 9.Nge2 Bc5 10.d4 
Bb4 11.Bf4 Be4 12.O-O-O Bxg2 13.Rhg1 Bf3 14.Rxg7 
Bxc3 0-1

[Event "HCL-A2656"]
[Site "www.playchess.de"]
[Date "2006.03.31"]
[Round "20"]
[White "BR_Hort"]
[Black "Matu"]
[WhiteElo "2069"]
[BlackElo "1593"]
[PlyCount "111"]
[Result "1-0"]

1.d4 Nf6 2.c4 e6 3.Nc3 d5 4.Bg5 Be7 5.Nf3 a6 6.e3 
dxc4 7.Bxc4 b5 8.Bd3 Bb7 9.Rc1 Nbd7 10.O-O O-O 
11.Qe2 c5 12.Rfd1 Nd5 13.Bxe7 Qxe7 14.Bb1 Rac8 
15.e4 Nxc3 16.bxc3 Rfd8 17.e5 Bxf3 18.Qxf3 cxd4 
19.cxd4 Nf8 20.Qe4 Rxc1 21.Rxc1 Qd7 22.Rd1 Qd5 
23.Qg4 Ng6 24.f4 Ne7 25.f5 exf5 26.Bxf5 Nxf5 
27.Qxf5 Qe6 28.Qxe6 fxe6 29.Kf2 Rc8 30.Ke3 Rc2 
31.Rd2 Rxd2 32.Kxd2 Kf7 33.Kd3 Ke7 34.Ke4 g6 35.d5 
exd5+ 36.Kxd5 h6 37.Kc5 Ke6 38.Kb6 Kxe5 39.Kxa6 
Kd4 40.Kxb5 Ke3 41.a4 Kf2 42.a5 Kxg2 43.h4 g5 
44.h5 g4 45.a6 g3 46.a7 Kh2 47.a8Q g2 48.Qa2 Kh1 
49.Qd5 Kh2 50.Qe5+ Kh1 51.Qe4 Kh2 52.Qh4+ Kg1 
53.Kc5 Kf1 54.Qf4+ Ke1 55.Qg3+ Kf1 
56.Qf3+ 1-0

[Event "HCL-M883"]
[Site "www.playchess.de"]
[Date "2006.03.31"]
[Round "15"]
[White "temple"]
[Black "luciano59"]
[WhiteElo "1731"]
[BlackElo "2269"]
[PlyCount "82"]
[Result "0-1"]

1.d4 {Hello again,gg,gl.Loking forward to watch 
Olympic game.}  d5 {hi friend good game!}  2.c4 e6 
3.e3 dxc4 4.Bxc4 Nf6 5.a3 c5 6.Nf3 a6 7.O-O b5 
8.Bb3 Bb7 9.Nbd2 Nbd7 10.Qe2 Be7 11.Bc2 Qc7 
12.dxc5 Qxc5 13.Bd3 Qh5 14.b4 Rc8 15.Bb2 O-O 
16.Rac1 Bd6 17.e4 Bf4 18.Rxc8 Rxc8 19.Rc1 Rxc1+ 
20.Bxc1 Ng4 21.h3 Nge5 22.Nxe5 Qxe5 23.g3 Qc3 
24.gxf4 Qxc1+ 25.Nf1 Qxf4 26.Qe3 Qxe3 27.Nxe3 Ne5 
28.Bb1 Nf3+ 29.Kg2 Nd2 30.Bd3 Nxe4 31.Bxe4 Bxe4+ 
32.Kg3 f5 33.Kf4 Kf7 34.Ke5 g5 35.Kd6 h5 36.Ke5 h4 
37.f4 Kg6 38.fxg5 Kxg5 39.Nd1 Bg2 40.Nf2 Bxh3 
41.Nxh3+ Kg4 0-1

[Event "HCL-A2661"]
[Site "www.playchess.de"]
[Date "2006.03.31"]
[Round "7"]
[White "Ulpe"]
[Black "Matu"]
[WhiteElo "1689"]
[BlackElo "1599"]
[PlyCount "35"]
[Result "1-0"]

1.e4 c6 2.d4 d5 3.Nc3 dxe4 4.Nxe4 Nf6 5.Nxf6+ exf6 
6.Bc4 Bd6 7.Qh5 g6 8.Qe2+ Qe7 9.Bh6 Qxe2+ 10.Nxe2 
Bf8 11.Bxf8 Kxf8 12.O-O-O Be6 13.d5 cxd5 14.Bxd5 
Bxd5 15.Rxd5 Ke7 16.Nc3 Re8 17.Rd2 Nc6 
18.Nd5+ 1-0

[Event "HCL-M888"]
[Site "www.playchess.de"]
[Date "2006.03.31"]
[Round "1"]
[White "temple"]
[Black "mikmet"]
[WhiteElo "1731"]
[BlackElo "2343"]
[PlyCount "66"]
[Result "0-1"]

1.d4 {Hello.}  d5 2.c4 e6 3.e3 Nf6 4.a3 c6 5.Nf3 
Bd6 6.c5 Bc7 7.Bd3 Ng4 8.O-O Nd7 9.b4 e5 10.Bf5 
Ndf6 11.Bxc8 Rxc8 12.h3 e4 13.Ne1 Nh2 14.Nc2 Nxf1 
15.Qxf1 O-O 16.Nc3 a5 17.b5 cxb5 18.Nxb5 b6 19.Bb2 
Bb8 20.c6 Rxc6 21.Qe2 Qd7 22.a4 Rfc8 23.Ne1 R6c4 
24.Qd1 Ne8 25.Ba3 Nd6 26.Bxd6 Bxd6 27.Nxd6 Qxd6 
28.g3 Qc6 29.Qb3 Qe6 30.Kg2 Rb4 31.Qd1 Rb2 32.Rc1 
Rc6 33.Ra1 Qf5 0-1

[Event "HCL-A2611"]
[Site "www.playchess.de"]
[Date "2006.03.31"]
[Round "10"]
[White "Matu"]
[Black "Spotsychess"]
[WhiteElo "1531"]
[BlackElo "1444"]
[PlyCount "88"]
[Result "1/2-1/2"]

1.Nf3 e6 2.b3 b6 3.Bb2 Bb7 4.g3 Nf6 5.Bg2 Be7 
6.O-O O-O 7.e3 d5 8.d4 Nbd7 9.Nbd2 c5 10.a3 Ne4 
11.dxc5 bxc5 12.c4 Ndf6 13.Nxe4 Nxe4 14.cxd5 exd5 
15.Nd2 f5 16.Qe2 Bf6 17.Nxe4 fxe4 18.Rad1 Qe7 
19.Bxf6 Rxf6 20.Qb2 Raf8 21.b4 c4 22.Rd2 Rc8 
23.Qc3 Rd8 24.Rfd1 Rfd6 25.R2d4 Qf8 26.Qd2 Ra6 
27.Bxe4 Rxa3 28.Bxd5+ Bxd5 29.Rxd5 Rb8 30.Ra5 Rd3 
31.Qc2 Qxb4 32.Rxa7 Rbd8 33.Rxd3 cxd3 34.Qc7 Qf8 
35.Qc4+ Kh8 36.Ra1 Qd6 37.Rd1 d2 38.Qc3 h6 39.Kf1 
Qa6+ 40.Kg1 Qe2 41.Qc2 Qe1+ 42.Kg2 Qe2 43.Kg1 Qe1+ 
44.Kg2 Qe2 {(offering draw)}  1/2-1/2

[Event "HCL-A2640"]
[Site "www.playchess.de"]
[Date "2006.03.31"]
[Round "18"]
[White "IRONMAIDEN"]
[Black "MimiSiku"]
[WhiteElo "1243"]
[BlackElo "1462"]
[PlyCount "50"]
[Result "0-1"]

1.c4 {Hallo und viel Spaß!}  e6 {Servus aus 
Würzburg! Auch Dir viel Spaß in dieser Partie}  
2.d4 d5 3.Nf3 Nf6 4.Nc3 Be7 5.e3 O-O 6.cxd5 Nxd5 
7.Nxd5 exd5 8.Be2 Bf5 9.O-O Nd7 10.Bd2 c6 11.Bc3 
Qc7 12.Bd3 Bg4 13.Be2 Bd6 14.h3 Bxf3 15.Bxf3 Bh2+ 
16.Kh1 Rfe8 17.Qd2 Nf6 18.a3 Ne4 19.Bxe4 Rxe4 
20.Rae1 Rae8 21.Rec1 Bd6 22.b4 Qe7 23.Qe2 Qg5 
24.Qg4 Rxg4 {Was spielst Du denn da zusammen???}  
25.hxg4 Qh4+ {Du willst das Matt sehen?} 
 0-1

[Event "HCL-A2672"]
[Site "www.playchess.de"]
[Date "2006.03.31"]
[Round "4"]
[White "pawnstorm"]
[Black "Gilt"]
[WhiteElo "1525"]
[BlackElo "1388"]
[PlyCount "32"]
[Result "0-1"]

1.e4 e5 {Hi there and good luck!}  2.Nf3 {Hello 
good luck to you too}  f5 3.Nxe5 Nc6 4.Nxc6 dxc6 
5.Nc3 Bc5 6.Bc4 Qd4 7.Qe2 Ne7 8.O-O b5 9.Bb3 f4 
10.d3 g5 11.Qh5+ Ng6 12.Qxg5 Be7 13.Qh5 Bd7 14.Ne2 
Qf6 15.Nxf4 O-O-O 16.a4 Nxf4 0-1

[Event "HCL-E1589"]
[Site "www.playchess.de"]
[Date "2006.03.31"]
[Round "7"]
[White "Ezechiel"]
[Black "Siggi"]
[WhiteElo "1766"]
[BlackElo "1924"]
[PlyCount "52"]
[Result "0-1"]

1.e4 {Hi Siggi - we haven't met on playchess.de, 
yet. Have fun!}  e5 {Same to you, lets enjoy}  
2.d4 exd4 3.c3 Nf6 4.e5 Ne4 5.Bd3 d5 6.exd6 Nxd6 
7.cxd4 Be7 8.Nf3 Nc6 9.O-O O-O 10.Nc3 Bg4 11.h3 
Bxf3 12.gxf3 Qd7 13.d5 Ne5 14.Kg2 Nf5 15.Bxf5 Qxf5 
16.Qe2 Ng6 17.Qe4 Nh4+ 18.Kg3 Qf6 19.Qg4 Rfe8 
20.Bd2 Qb6 21.Bg5 Bxg5 22.Qxg5 Ng6 23.b3 Re5 
24.Qg4 h5 25.Qc4 {This game is very much over :-(} 
 Qf6 26.Rfg1 Rg5+ 0-1

[Event "HCL-A2650"]
[Site "www.playchess.de"]
[Date "2006.03.31"]
[Round "10"]
[White "Alex77"]
[Black "q77ro"]
[WhiteElo "1394"]
[BlackElo "1512"]
[PlyCount "119"]
[Result "1-0"]

1.e4 {Hi!}  b6 {hi}  2.d4 Bb7 3.Nc3 e6 4.Nf3 Bb4 
5.Bd3 Bxc3+ 6.bxc3 h6 7.O-O Nf6 8.Re1 O-O 9.c4 d6 
10.d5 e5 11.Nh4 Nxe4 12.Rxe4 g5 13.Nf5 Qf6 14.Re3 
Bc8 15.Ng3 Nd7 16.Rf3 Qh8 17.Nf5 Nc5 18.Ne7+ Kg7 
19.Bf5 Ba6 20.Rh3 Kf6 21.Bxg5+ hxg5 22.Rxh8 Rfxh8 
23.Qg4 Kxe7 24.Qxg5+ Kf8 25.Re1 Bxc4 26.Re3 Bxd5 
27.Rg3 Ne6 28.Bxe6 Bxe6 29.Qg7+ Ke7 30.Qg5+ Kd7 
31.Qe3 Bxa2 32.Qa3 Be6 33.Rc3 a6 34.Qa4+ b5 35.Qe4 
Rhc8 36.Qc6+ Kd8 37.h4 b4 38.Rg3 a5 39.h5 a4 
40.Rg8+ Ke7 41.Rxc8 Rxc8 42.Qxa4 c5 43.f3 f5 44.h6 
Kf6 45.Qa7 Bf7 46.Qd7 Rh8 47.Qxd6+ Kg5 48.Qxc5 
Rxh6 49.Qxb4 Re6 50.c4 e4 51.fxe4 Rxe4 {(offering 
draw)}  52.Qd2+ Kf6 53.c5 Rc4 54.Qd6+ Be6 55.c6 f4 
56.c7 Kf7 57.Kf2 Kf6 58.Ke2 Kf5 59.Qd3+ Re4+ 
60.Kf3 1-0

[Event "ACL-A660"]
[Site "www.playchess.de"]
[Date "2006.03.31"]
[Round "5"]
[White "shadow_cup"]
[Black "RUDI"]
[WhiteElo "1500"]
[BlackElo "1500"]
[PlyCount "63"]
[Result "1-0"]

1.e3 {Hello - have a nice game ^_^}  e5 {hi, you 
too}  2.Nf3 Nc6 3.Bb5 Bd6 4.Bxc6 dxc6 5.b3 Ne7 
6.Bb2 Ng6 7.Nc3 O-O 8.h3 a6 9.Ne4 b5 10.O-O f5 
11.Ng3 f4 12.exf4 exf4 13.Nh5 Rf7 14.Re1 Nh4 
15.Nxh4 Bxh3 16.Nf3 Bg4 17.Nxg7 Rxg7 18.Bxg7 Kxg7 
19.Qe2 Qf6 20.Qd3 Rd8 21.Nh2 Bh5 22.Qc3 Qxc3 
23.dxc3 a5 24.a4 Ra8 25.Nf1 Rf8 26.Nd2 Rf6 27.Ne4 
Rh6 28.f3 Bg6 29.Nxd6 cxd6 30.Re7+ Kf6 31.Rd7 d5 
32.axb5 1-0

[Event "HCL-M835"]
[Site "www.playchess.de"]
[Date "2006.03.31"]
[Round "9"]
[White "mige"]
[Black "Schirrmeister"]
[WhiteElo "1789"]
[BlackElo "1816"]
[PlyCount "69"]
[Result "1-0"]

1.e4 e5 {Hello from Darmstadt, Germany}  2.Nf3 {hi 
from Belgrade, good luck}  Nc6 3.Bb5 a6 4.Ba4 Nf6 
5.O-O d6 6.c3 Be7 7.d3 O-O 8.h3 b5 9.Bc2 d5 
10.exd5 Nxd5 11.Qe2 Bf6 12.Be3 Nxe3 13.fxe3 e4 
14.dxe4 Ne5 15.Nbd2 Bb7 16.Nxe5 Bxe5 17.Nf3 Bg3 
18.Nd4 g6 19.Qf3 Be5 20.Bb3 Qe7 21.Bd5 Bxd5 
22.exd5 Bxd4 23.exd4 Qd7 24.Rae1 Rfe8 25.Re5 Rad8 
26.Rfe1 Rxe5 27.Rxe5 Re8 28.Qe4 Rxe5 29.dxe5 Qe7 
30.b4 Kg7 31.Qd4 Kg8 32.d6 cxd6 33.exd6 Qd7 34.Qb6 
Qe6 35.Qd8+ 1-0

[Event "HCL-C4236"]
[Site "www.playchess.de"]
[Date "2006.03.31"]
[Round "5"]
[White "sonnenschein"]
[Black "Cardinium"]
[WhiteElo "853"]
[BlackElo "800"]
[PlyCount "51"]
[Result "1-0"]

1.d4 Nf6 2.Nf3 d6 3.Nc3 Nc6 4.e4 e5 5.d5 Nd4 
6.Nxd4 exd4 7.Qxd4 c5 8.Qe3 Qa5 9.h3 h6 10.Bd2 b6 
11.Nb5 Kd8 12.Bxa5 bxa5 13.e5 Nxd5 14.Qe4 Bb7 
15.Nxd6 f5 16.Nf7+ Ke7 17.Qxf5 Nb4 18.Nxh8 Bc8 
19.Ng6+ Kd8 20.Qxf8+ Kc7 21.Qd6+ Kb7 22.Qxc5 Nc6 
23.Ne7 Nxe7 24.Qxe7+ Kb6 25.Qd6+ Kb7 
26.Ba6+ 1-0